Państwa otoczone przez 2 inne państwa - Statystyki

Ogólne statystyki
  • Ten quiz został rozwiązany 12 045 razy
  • Średni wynik to 11 z 18
Statystyki odpowiedzi
Państwa % Poprawnych
Andora
85%
Hiszpania
78%
Francja
76%
Chiny
69%
Mongolia
68%
Rosja
68%
Liechtenstein
67%
Indie
63%
Nepal
63%
Szwajcaria
61%
Austria
60%
Bhutan
60%
Republika Południowej Afryki
52%
Eswatini
50%
Mozambik
43%
Mołdawia
34%
Ukraina
32%
Rumunia
31%
Nie znaleziono quizów pasujących do podanych kryteriów
Rozkład punktacji
Procent ludzi z każdym wynikiem
Percentyl według liczby udzielonych odpowiedzi
Twoja historia wyników
Nie rozwiązałeś tego quizu